Statistics for Countries That Colonized By Hitler

Click here to take the quiz!

General Stats

  • This quiz has been taken 111 times
  • The average score is 8 of 10

Answer Stats

Answer% Correct
8.France
96%
3.Poland
95%
2.Austria
93%
6.Belgium
88%
7.Netherlands
87%
4.Denmark
84%
5.Norway
83%
10.Italy
75%
1.Czechoslovakia
63%
9.Soviet Union
59%

Score Distribution

Percentile by Number Answered

Percent of People with Each Score

Your Score History

You have not taken this quiz